000 00719cam a22001577a 4500
008 180718b2008 xxu||||| |||| 00| 0 eng d
020 _a9788189937805
082 _aF8x54 R18p/1
245 _aParliamentary and assembly constituencies with SC, ST, hindu, muslim, sikh, christian, jain, buddhista
_cedied by N. Koteswar Rao and G. Rajitha
260 _aNew Delhi
_bArise
_c2008
300 _a4 vols.
440 _aContents: v.1. Adman & Nicobar, Andhra Pradesh, Karnataka, Kerala, Lakshadweep, 323p.; v.2.Chattisgarh, Dadra & Nagar Haveli, 415p.; v.3. Chandigarh, Delhi, Haryana, 341p.; v.4. Assam, Arunachal Pradesh, Bihar, 411p.
650 _aElections - India
700 _aRajitha, G.
700 _aRao, N. Koteswar
999 _c407856
_d407856